| 000 -ლიდერი |
| ფიქსირებული სიგრძის საკონტროლო ველი |
01240nam a22002057a 4500 |
| 003 - საკონტროლო ნომრის იდენტიფიკატორი |
| საკონტროლო ველი |
Ge_BSU |
| 005 - ბოლო ოპერაციის თარიღი და დრო |
| საკონტროლო ველი |
20250328120158.0 |
| 008 - ფიქსირებული სიგრძის მონაცემთა ელემენტები - ზოგადი ინფორმაცია |
| ფიქსირებული სიგრძის საკონტროლო ველი |
250327s1949 ge ||||| |||| 00| 0 geo d |
| 041 ## - ენის კოდი |
| Language code of text/sound track or separate title |
geo |
| 080 ## - უნივერსალური ათობითი კლასიფიკაციის ინდექსი |
| Universal Decimal Classification number |
930.2:003.072(=353.1) ჯ-14 |
| 100 ## - მთავარი ჩანაწერი - პიროვნების სახელი |
| Personal name |
ჯავახიშვილი, ივანე |
| 9 (RLIN) |
24690 |
| 245 ## - ცნობა სათაურის შესახებ |
| Title |
ისტორიის მიზანი, წყაროები და მეთოდები წინათ და ეხლა. წ. 3. ნაკვ. 1, ქართული დამწერლობათა-მცოდნეობა ანუ პალეოგრაფია / |
| Statement of responsibility, etc |
ივანე ჯავახიშვილი; რედ. ს. აბულაძე. |
| 250 ## - გამოცემის ცნობა |
| Edition statement |
მეორე გამოცემა. |
| 264 ## - წარმოების, გამოცემის, დისტრიბუციის და სხვა ცნობები |
| გამოცემის, წარმოების, დისტრიბუციის... ადგილი |
თბილისი : |
| გამოცემის, წარმოების, დისტრიბუციის... სახელწოდება |
სტალინის სახ. თბილ. სახელმწ. უნ-ტის გამ-ბა და სტ., |
| გამოცემის, წარმოების, დისტრიბუციის... თარიღი |
1949. |
| 300 ## - ფიზიკური აღწერა |
| Extent |
392 გვ. |
| Other physical details |
24 სმ. |
| 653 ## - INDEX TERM--UNCONTROLLED |
| Uncontrolled term |
ქართული დამწერლობა |
| 653 ## - INDEX TERM--UNCONTROLLED |
| Uncontrolled term |
საქართველოს პალეოგრაფია |
| 700 ## - ADDED ENTRY--PERSONAL NAME |
| Personal name |
აბულაძე, ი. |
| Relator term |
რედაქტორი |
| 9 (RLIN) |
24691 |
| 942 ## - ADDED ENTRY ELEMENTS (KOHA) |
| Source of classification or shelving scheme |
|
| Koha item type |
წიგნი |